Logo BPK

Biblioteka

Politechniki Koszalińskiej

Stan uszkodzenia lasów w Polsce w 1997 r. na podstawie badań monitoringowych / (Rekord nr 34773)

Szczegóły MARC
000 -ETYKIETA REKORDU
podpole kontrolne o stałej długości 00793nam a2200229 i 4500
001 - NUMER KONTROLNY REKORDU
pole kontrolne bg
020 ## - MIĘDZYNARODOWY ZNORMALIZOWANY NUMER KSIĄŻKI - ISBN
ISBN 8372170304
040 ## - ŹRÓDŁO KATALOGOWANIA
Instytucja, która utworzyła rekord BPK
041 0# - KOD JĘZYKA
Kod języka tekstu pl
080 ## - UNIWERSALNA KLASYFIKACJA DZIESIĘTNA - UKD
UKD 630.4:504.064.3](438)
920 ## - Międzynarodowy znormalizowany numer książki – ISBN
ISBN 83-7217-030-4
008 - POLE O STAŁEJ DŁUGOŚCI - DANE KONTROLNE
podpole kontrolne o stałej długości s pl f |000 0 pol
245 00 - TYTUŁ/ODPOWIEDZIALNOŚĆ
Tytuł Stan uszkodzenia lasów w Polsce w 1997 r. na podstawie badań monitoringowych /
Pozostałe elementy strefy tytułu i oznaczenia odpowiedzialności aut. Jerzy Wawrzoniak [et al.] ; Państwowa Inspekcja Ochrony Środowiska.
260 ## - STREFA ADRESU WYDAWNICZEGO
Miejsce wydania Warszawa :
Nazwa wydawcy/dystrybutora PIOŚ,
Data publikacji, dystrybucji/powstania dokumentu cop.1998.
300 ## - STREFA OPISU FIZYCZNEGO
Objętość 157 s. :
Inne cechy fizyczne mapy, wykr. (w tym kolor.) +
Dokument towarzyszący 30 cm.
490 1# - STREFA SERII I DOKUMENTU WIELOCZĘŚCIOWEGO - FORMA NIE DO WYSZUKIWANIA
Tytuł i oznaczenie odpowiedzialności serii Biblioteka Monitoringu Środowiska
504 ## - UWAGA DOTYCZĄCA BIBLIOGRAFII
Informacje o bibliografii Bibliogr. s. 50-52.
650 #9 - HASŁO PRZEDMIOTOWE W FORMIE NAZWY OGÓLNEJ LUB JEDNOSTKOWEJ
Nazwa ogólna lub geograficzna Las
Określnik ogólny higiena
-- badanie
Określnik geograficzny Polska
Określnik chronologiczny stan na 1997 r.
700 1# - HASŁO DODATKOWE - NAZWA OSOBOWA
Nazwa osobowa WAWRZONIAK, Jerzy
830 ## - HASŁO DODATKOWE SERII LUB DOKUMENTU WIELOCZĘŚCIOWEGO - TYTUŁ UJEDNOLICONY
Tytuł ujednolicony Biblioteka Monitoringu Środowiska
856 ## - LOKALIZACJA I DOSTĘP DO ELEKTRONICZNYCH DOKUMENTÓW ZDALNYCH
Link (URL) http://koha.tu.koszalin.pl/cgi-bin/koha/opac-detail.pl?biblionumber=34773
Tekst linku Katalog online BPK
942 ## - DODATKOWE ELEMENTY (KOHA)
Typ dokumentu Książka
Egzemplarze
Wycofany Status egzemplarza Uszkodzony Dostępność Lokalizacja stała Lokalizacja bieżąca Miejsce przechowywania Sygnatura Kod kreskowy Dział Typ dokumentu
      Tylko na miejscu Biblioteka Politechniki Koszalińskiej Biblioteka Politechniki Koszalińskiej Czytelnia BG 48517 01418088 630 Leśnictwo Książka
© 2023 Biblioteka Politechniki Koszalińskiej :: KOHA